01496nam a2200361Ia 4500001001200000003000800012006001900020007001500039008004100054010001700095020002700112020003000139020002600169040002100195035002100216050002300237082002300260100002400283245010800307260004900415300002600464490005400490504005100544533015200595650004000747650003800787651005800825655002900883710001700912830006200929856012600991999001701117ebr10726574CaPaEBRm o u cr cn|||||||||110304s2012 nyua sb 001 0 eng d z 2011009086 z1613241801 (hardcover) z9781613241806 (hardcover) z9781628086430 (ebook) aCaPaEBRcCaPaEBR a(OCoLC)84992880314aHB615b.K73 2012eb04a338.6/420949712221 aKrasniqi, Besnik A.10aEntrepreneurship and small business development in Kosovah[electronic resource] /cBesnik A. Krasniqi. aNew York :bNova Science Publishers,cc2012. axviii, 239 p. :bill.1 aBusiness issues, competition and entrepreneurship aIncludes bibliographical references and index. aElectronic reproduction.bPalo Alto, Calif. :cebrary,d2013.nAvailable via World Wide Web.nAccess may be limited to ebrary affiliated libraries. 0aEntrepreneurshipzKosovo (Republic) 0aSmall businesszKosovo (Republic) 0aKosovo (Republic)xEconomic conditionsy21st century. 7aElectronic books.2local2 aebrary, Inc. 0aBusiness issues, competition and entrepreneurship series.40uhttp://site.ebrary.com/lib/rucke/Doc?id=10726574zAn electronic book accessible through the World Wide Web; click to view c38915d38915